<?xml version="1.0" encoding="UTF-8"?><?xml-stylesheet type="text/xsl" href="static/style.xsl"?><OAI-PMH xmlns="http://www.openarchives.org/OAI/2.0/" xmlns:xsi="http://www.w3.org/2001/XMLSchema-instance" xsi:schemaLocation="http://www.openarchives.org/OAI/2.0/ http://www.openarchives.org/OAI/2.0/OAI-PMH.xsd"><responseDate>2026-04-27T20:18:15Z</responseDate><request verb="GetRecord" identifier="oai:uvadoc.uva.es:10324/1463" metadataPrefix="marc">https://uvadoc.uva.es/oai/request</request><GetRecord><record><header><identifier>oai:uvadoc.uva.es:10324/1463</identifier><datestamp>2021-06-29T09:25:26Z</datestamp><setSpec>com_10324_38</setSpec><setSpec>col_10324_852</setSpec></header><metadata><record xmlns="http://www.loc.gov/MARC21/slim" xmlns:doc="http://www.lyncode.com/xoai" xmlns:xsi="http://www.w3.org/2001/XMLSchema-instance" xmlns:dcterms="http://purl.org/dc/terms/" xsi:schemaLocation="http://www.loc.gov/MARC21/slim http://www.loc.gov/standards/marcxml/schema/MARC21slim.xsd">
<leader>00925njm 22002777a 4500</leader>
<datafield tag="042" ind1=" " ind2=" ">
<subfield code="a">dc</subfield>
</datafield>
<datafield tag="720" ind1=" " ind2=" ">
<subfield code="a">Hortal Soler, Rosa María</subfield>
<subfield code="e">author</subfield>
</datafield>
<datafield tag="260" ind1=" " ind2=" ">
<subfield code="c">2012</subfield>
</datafield>
<datafield tag="520" ind1=" " ind2=" ">
<subfield code="a">El presente trabajo tiene como objetivo principal la evaluación del segundo curso de&#xd;
funcionamiento del Programa Integral de Deporte Escolar del Municipio de Segovia&#xd;
(PIDEMSG), desarrollado en el curso 2010-2011. Este programa se basa en un modelo&#xd;
alternativo y participativo de deporte escolar, de carácter multideportivo. La evaluación&#xd;
permitirá conocer qué aspectos del programa deben ser mejorados. La metodología&#xd;
utilizada ha sido de carácter cuantitativo, mediante un cuestionario, diseñado ad hoc y&#xd;
validado, con una escala tipo Likert de 5 niveles. La muestra está compuesta por 412&#xd;
escolares, 163 padres, 14 profesores de EF y 61 monitores. Los principales resultados&#xd;
son: (a) la satisfacción con el programa de los cuatro agentes implicados es bastante&#xd;
alta; (b) los cuatro grupos muestran un mayor grado de acuerdo con discursos de&#xd;
participación (no dar importancia a los resultados, que niños y niñas jueguen juntos,&#xd;
etc.); (c) satisfacción general con las instalaciones, tanto de los encuentros como de los entrenamientos, aunque se aprecian opiniones dispares según los agentes, esto puede ser&#xd;
debido al nivel de exigencia de cada uno de ellos; (d) satisfacción elevada con el trabajo de los monitores con el alumnado y, en general, buena relación y comunicación con el&#xd;
centro. Como aspectos a mejorar: (1) intentar disponer de mayor tiempo en la práctica y aprendizaje de cada deporte; (2) intentar incrementar el número de alumnos que&#xd;
participa en el programa; (3) proporcionar mayor información a los monitores y padres&#xd;
sobre el proyecto; (4) que los monitores hagan más hincapié en las sesiones en lo que se aprende en ellas cada día.</subfield>
</datafield>
<datafield tag="024" ind2=" " ind1="8">
<subfield code="a">http://uvadoc.uva.es/handle/10324/1463</subfield>
</datafield>
<datafield ind1=" " ind2=" " tag="653">
<subfield code="a">Deportes escolares</subfield>
</datafield>
<datafield ind1=" " ind2=" " tag="653">
<subfield code="a">Educación física-Evaluación</subfield>
</datafield>
<datafield tag="245" ind1="0" ind2="0">
<subfield code="a">Una experiencia en investigación educativa. Evaluación general del segundo curso de implantación del programa integral de deporte escolar en el municipio de Segovia</subfield>
</datafield>
</record></metadata></record></GetRecord></OAI-PMH>